01520nam a22002177a 45000010005000000030006000050050017000110080041000280200018000690400029000870500013001160820011001291000019001402450038001592500035001972600037002323000025002694900034002945200925003286500049012539635FISKH20260127094036.0260127b cb ||||| |||| 00| 0 eng d a9781529360462 aFISKHbengcFISKHdFISKH aPZ7 .N64 a823.92 aNoni, Lynette  aThe blood traitor /cLynette Noni aThis edition publishe in 2024  aLondon : bHodder Scape, c2022  a341 pages : c20 cm  aThe Prison Healer : vBook 3  aShe'd failed them. All of them. And now she was paying the price. Kiva thought she knew what she wanted—revenge. But feelings change, people change . . . everything has changed. After what happened at the palace, Kiva is desperate to know if her friends and family are safe, and whether those she wronged can ever forgive her. But with the kingdoms closer to the brink of war than they've ever been, and Kiva far away from the conflict, more is at stake than her own broken heart. A fresh start will mean a perilous quest, forcing mortal enemies and uneasy allies together in a race against the clock to save not just Evalon, but all of Wenderall. With her loyalties now set, Kiva can no longer just survive—she must fight for what she believes in. For who she believes in. But with danger coming from every side, and the lives of everyone she loves at risk, does she have what it takes to stand, or will she fall?  aFantasyvRomancexYoung AdultyPrison Healer